Online Catalogue and eLibrary

Gahaniya miniha vivahaya saha daruwo (Record no. 2118)

MARC details
000 -LEADER
fixed length control field 00436nam a2200181Ia 4500
005 - DATE AND TIME OF LATEST TRANSACTION
control field 20250606020437.0
008 - FIXED-LENGTH DATA ELEMENTS--GENERAL INFORMATION
fixed length control field 240331s9999 xx 000 0 und d
020 ## - INTERNATIONAL STANDARD BOOK NUMBER
ISBN 9552062241
082 ## - DDC Classification
Item Number - Author Mark SEN
Class No. 306
100 ## - MAIN ENTRY--PERSONAL NAME
Personal name Senevirathna, R
245 #0 - TITLE STATEMENT
Title Gahaniya miniha vivahaya saha daruwo
260 ## - PUBLICATION, DISTRIBUTION, ETC.
Place of publication, distribution, etc. Colombo
Name of publisher, distributor, etc. S Godage & Brothers
Date of publication, distribution, etc. 2002
300 ## - PHYSICAL DESCRIPTION
Extent (e.g. Volumes, Pages etc.) 181 p .,
650 ## - SUBJECT ADDED ENTRY--TOPICAL TERM
Topical term or geographic name entry element Women
650 ## - SUBJECT ADDED ENTRY--TOPICAL TERM
Topical term or geographic name entry element Gender
650 ## - SUBJECT ADDED ENTRY--TOPICAL TERM
Topical term or geographic name entry element Marriage
942 ## - Koha item type (Biblio)
Koha item type Books in Stacks (Lending)
Holdings
Lost status Damaged status Collection code Home library Current library Shelving location Date acquired Full call number Accession Number Item type
    Lending WERC Library WERC Library Social Science Cupboard 03/31/2024 306 SEN 4839 Books in Stacks (Lending)

© WERC Library